Abécédaire de l'Amérique française (vol. 2) - Statistiques

Statistiques générales
  • Ce quiz a été pris 10 fois
  • Le résultat moyen est 11 sur 26
Statistiques - réponses
Par images Hint Réponse % Correct
(B) Ancien établissement pénitentiaire en Guyane Un bagne
90%
(F) Ville Fort-de-France
70%
(N) Territoire canadien dont la communauté francophone porte ce drapeau Le Nunavut
70%
(H) Peuple autochtone (nom que les Français leur ont donné) Les Hurons
70%
(Y) Territoire canadien dont la communauté francophone porte ce drapeau Le Yukon
70%
(K) Catastrophe climatique historique L'ouragan Katrina
70%
(O) Île d'après le nom d'une ville de France L'Île d'Orléans
60%
(U) Établissement L'Université Laval
60%
(M) Empereur soutenu par la France Maximilien
50%
(V) Chanteur Roch Voisine
50%
(S) Ville fondée par les Français Saint-Louis
50%
(G) Plat louisianais Le Gombo
40%
(J) Premier ministre Daniel Johnson (père)
30%
(D) Événement historique (Le Grand ______) Dérangement
30%
(A) Homme d'Église Frère André
30%
(I) Religieuse pionnière Marie de l'Incarnation
30%
(L) Hockeyeur Mario Lemieux
30%
(R) Hockeyeur Maurice Richard
30%
(P) Ville Percé
30%
(T) Ville Trois-Rivières
30%
(Z) Soldat du Pape (dans ce cas-ci, venu du Canada) Un zouave pontifical
30%
(E) Personnage fictif (et nom d'une paroisse) Évangéline
20%
(Q) Événement sportif La transat Québec-Saint-Malo
20%
(C) Fort (lieu d'une historique victoire française) Le Fort Carillon
20%
(W) Fort britannique capturé par les Français Le Fort William Henry
20%
(X) Type de plante courant dans les forêts antillaises (vivant dans des milieux pauvres en eau) Xérophile
20%
Aucun quiz correspondant
Distribution des résultats
% des personnes avec chaque résultat
Percentile par nombre de réponses
Votre historique - résultats
Vous n’avez pas pris ce quiz